Saint-Sébastien - Choix multiples - Statistiques

Statistiques générales
  • Ce quiz a été pris 7 fois
  • Le résultat moyen est 6 sur 10
Statistiques - réponses
Question Réponse % Correct
Dans quelle communauté autonome d'Espagne se trouve Saint-Sébastien ? Pays basque
100%
Comment se nomme Saint-Sébastien dans la langue de cette communauté espagnole ? Donostia
86%
Quelle baie célèbre de Saint-Sébastien contient 2 kilomètres de plage ? Baie de la Concha
71%
Qu'est-ce que Saint-Sébastien possède davantage par mètre carré que toute autre ville du monde ? Les étoiles Michelin
71%
Quels sont les couleurs traditionnelles du club de la Real Sociedad ? Blanc et bleu
57%
Quelle récompense est remise au meilleur film au Festival de Saint-Sébastien ? Coquille d'or
57%
Quelle photo vue du ciel correspond à Saint-Sébastien ?
43%
Quel lieu ne se trouve pas à Saint-Sébastien ?
43%
Que pouvons-nous trouver au sommet du Mont Igueldo à l'Ouest de la ville ? Un parc d'attractions
43%
Comment peut s'appeler cette œuvre du sculpteur natif Eduardo Chillida ?
tumblr_ns369cS3CF1sgybdio1_400.jpg
Le Peigne du Vent
14%
Aucun quiz correspondant
Distribution des résultats
% des personnes avec chaque résultat
Percentile par nombre de réponses
Votre historique - résultats
Vous n’avez pas pris ce quiz